Journal of Human Resources

Gespeichert in:
Bibliographische Detailangaben
Format: Schriftenreihe
Sprache:Englisch
Veröffentlicht: Madison University of Wisconsin Press 2018
Schlagworte:
Tags: Tag hinzufügen
Keine Tags, Fügen Sie das erste Tag hinzu!

MARC

LEADER 00000nas2a2200000 4500
001 0290670
005 20230130134951.2
022 |a 0022-166X 
041 0 |a eng 
044 |a US 
245 1 0 |a Journal of Human Resources 
264 1 |a Madison  |b University of Wisconsin Press  |c 2018 
773 0 |w eu_un_cat*s120826 
610 2 0 |a zdroje ľudské 
610 2 0 |a sociológia 
610 2 0 |a politika verejná 
610 2 0 |a vzdelávanie 
610 2 0 |a ekonómia 
610 2 0 |a práca